header

Gothic literature (Record no. 23834)

MARC details
000 -LEADER
fixed length control field 01517nam a2200361Ia 4500
100 1# - MAIN ENTRY--AUTHOR NAME
Personal name Smith, Andrew,
245 10 - TITLE STATEMENT
Title Gothic literature
250 ## - EDITION STATEMENT
Edition statement 2nd ed.
260 ## - PUBLICATION, DISTRIBUTION, ETC. (IMPRINT)
Place of publication Edinburgh :
Name of publisher Edinburgh University Press,
Year of publication c2013.
300 ## - PHYSICAL DESCRIPTION
Number of Pages xxvi, 240 p.
490 0# - SERIES STATEMENT
Series statement Edinburgh critical guides to literature
650 #0 - SUBJECT ADDED ENTRY--TOPICAL TERM
Topical Term Gothic revival (Literature)
Topical Term Gothic revival (Literature)
Topical Term English literature
Topical Term English literature
Topical Term American literature
Topical Term American literature
856 40 - ELECTRONIC LOCATION AND ACCESS
Uniform Resource Identifier http://site.ebrary.com/lib/rucke/Doc?id=10695133

No items available.

© 2026 Rongo University
Contact us: librarian | system librarian | Rongo university